[Event "Stuttgart-chA int"]
[Site "Ditzingen"]
[Date "2014.05.29"]
[Round "1"]
[White "Cummings, Nicolai"]
[Black "Perske, Thore"]
[Result "0-1"]
[WhiteElo "1957"]
[BlackElo "2219"]
[PlyCount "84"]
[EventDate "2014.05.29"]
[EventType "swiss"]
[EventRounds "7"]
[EventCountry "GER"]
[SourceTitle "EXT 2015"]
[Source "ChessBase"]
[SourceDate "2014.11.20"]
[SourceVersion "1"]
[SourceVersionDate "2014.11.20"]
[SourceQuality "1"]

1. d4 Nf6 2. c4 g6 3. Nc3 Bg7 4. e4 d6 5. Be2 0-0 6. Bg5 Na6 7. Qd2 c5 8. d5 Qa5 9. Nf3 Bg4 10. 0-0 Nc7 11. e5 Bxf3 12. exf6 exf6 13. Bxf6 Bxf6 14. Bxf3 Rfe8 15. Ne4 Qxd2 16. Nxd2 Rab8 17. Rab1 Kg7 18. b4 b6 19. bxc5 bxc5 20. Rxb8 Rxb8 21. Rb1 Rb6 22. Rb3 Be5 23. g3 f5 24. Bd1 Kf6 25. f4 Bd4+ 26. Kg2 Ra6 27. a3 Rb6 28. Kf3 Na8 29. h3 Bb2 30. a4 Bc1 31. Ke2 Bxd2 32. Kxd2 Rxb3 33. Bxb3 a5 34. h4 Nb6 35. Ke3 h6 36. Kf3 g5 37. Kg2 Kg6 38. Kh2 Nd7 39. Bc2 Nf6 40. Kg2 gxf4 41. gxf4 Ne4 42. Kh3 Nc3 0-1

[Event "Stuttgart-chA int"]
[Site "Ditzingen"]
[Date "2009.05.24"]
[Round "7"]
[White "Bogenschuetze, Paul Jr"]
[Black "Cummings, Nicolai"]
[Result "1-0"]
[WhiteElo "2067"]
[BlackElo "1819"]
[PlyCount "41"]
[EventDate "2009.05.21"]
[EventType "swiss"]
[EventRounds "7"]
[EventCountry "GER"]
[SourceTitle "EXT 2018"]
[Source "ChessBase"]
[SourceDate "2017.10.13"]
[SourceVersion "1"]
[SourceVersionDate "2017.10.13"]
[SourceQuality "1"]

1. d4 d5 2. c4 dxc4 3. e4 Nf6 4. Nc3 e5 5. d5 Nbd7 6. Bxc4 Bb4 7. Bg5 Nc5 8. f3 Bd7 9. Nge2 b5 10. Bd3 c6 11. a3 Nxd3+ 12. Qxd3 Bxc3+ 13. Qxc3 Nxd5 14. Qxe5+ Ne7 15. Qxg7 Rg8 16. Qxg8+ Nxg8 17. Bxd8 Rxd8 18. 0-0-0 c5 19. Rd2 Rc8 20. Rhd1 a5 21. Rxd7 1-0

[Event "Stuttgart-chB int"]
[Site "Gerlingen"]
[Date "2007.05.19"]
[Round "5"]
[White "Koenig, Torsten"]
[Black "Cummings, Nicolai"]
[Result "0-1"]
[WhiteElo "1684"]
[BlackElo "1597"]
[PlyCount "82"]
[EventDate "2007.05.17"]
[EventType "swiss"]
[EventRounds "7"]
[EventCountry "GER"]
[SourceTitle "EXT 2018"]
[Source "ChessBase"]
[SourceDate "2017.10.13"]
[SourceVersion "1"]
[SourceVersionDate "2017.10.13"]
[SourceQuality "1"]

1. e4 c5 2. d4 cxd4 3. c3 dxc3 4. Nxc3 Nc6 5. Nf3 d6 6. Bc4 e6 7. 0-0 Nf6 8. Qe2 a6 9. Rd1 Qc7 10. Bf4 Be7 11. Rac1 Qb8 12. Bb3 0-0 13. Na4 b5 14. Rxc6 bxa4 15. Bxa4 Bd7 16. Rc4 Bxa4 17. Rxa4 Qb5 18. Rc4 d5 19. exd5 Nxd5 20. Bg3 Bf6 21. Nd4 Qb7 22. h3 Rac8 23. Rdc1 Rxc4 24. Rxc4 Rc8 25. Rxc8+ Qxc8 26. Be5 Qc1+ 27. Kh2 Bxe5+ 28. Qxe5 Qxb2 29. Qd6 Qb6 30. Qxb6 Nxb6 31. Kg3 Kf8 32. Kf3 Ke7 33. Nc6+ Kd6 34. Nd4 a5 35. Nc2 a4 36. Ke4 f5+ 37. Kd4 e5+ 38. Kc3 Kc5 39. a3 e4 40. Nd4 Nd5+ 41. Kd2 Kxd4 0-1

[Event "Stuttgart-chB int"]
[Site "Gerlingen"]
[Date "2007.05.18"]
[Round "4"]
[White "Cummings, Nicolai"]
[Black "Munk, Werner"]
[Result "1-0"]
[WhiteElo "1597"]
[BlackElo "1793"]
[PlyCount "68"]
[EventDate "2007.05.17"]
[EventType "swiss"]
[EventRounds "7"]
[EventCountry "GER"]
[SourceTitle "EXT 2018"]
[Source "ChessBase"]
[SourceDate "2017.10.13"]
[SourceVersion "1"]
[SourceVersionDate "2017.10.13"]
[SourceQuality "1"]

1. d4 Nf6 2. c4 g6 3. Nc3 Bg7 4. e4 d6 5. Be2 0-0 6. Bg5 Na6 7. Qd2 c6 8. f3 e5 9. d5 c5 10. g4 h6 11. Bxh6 Nxg4 12. Bg5 Bf6 13. h4 Nh6 14. Bxh6 Bxh4+ 15. Kd1 Re8 16. Be3 f5 17. Bd3 f4 18. Bf2 Bf6 19. a3 g5 20. Kc2 Re7 21. Nge2 Rg7 22. Rag1 Qe7 23. Nc1 Bd7 24. Bf1 Nc7 25. Bh3 Bxh3 26. Rxh3 Kf7 27. Rgh1 Rag8 28. Rh7 Ke8 29. Rxg7 Qxg7 30. Qd1 Rh8 31. Kb1 a6 32. Qg1 Rxh1 33. Qxh1 Qh8 34. Qxh8+ Bxh8 1-0

[Event "Stuttgart-chB int"]
[Site "Gerlingen"]
[Date "2007.05.17"]
[Round "1"]
[White "Riedel, Wolfram"]
[Black "Cummings, Nicolai"]
[Result "0-1"]
[WhiteElo "1124"]
[BlackElo "1597"]
[PlyCount "102"]
[EventDate "2007.05.17"]
[EventType "swiss"]
[EventRounds "7"]
[EventCountry "GER"]
[SourceTitle "EXT 2018"]
[Source "ChessBase"]
[SourceDate "2017.10.13"]
[SourceVersion "1"]
[SourceVersionDate "2017.10.13"]
[SourceQuality "1"]

1. e4 c5 2. d3 Nc6 3. Nf3 d6 4. h3 g6 5. Be2 Bg7 6. c3 Nf6 7. Nbd2 0-0 8. 0-0 Qb6 9. Nb3 a5 10. a4 c4 11. Nbd2 cxd3 12. Bxd3 Be6 13. Re1 Nd7 14. Qc2 Qc5 15. Nb3 Qb6 16. Bb5 Rac8 17. Be3 Qc7 18. Rac1 Nce5 19. Nfd4 Bc4 20. Bxd7 Qxd7 21. Nxa5 Bd3 22. Qb3 Bxe4 23. Bg5 Bf5 24. Ra1 h6 25. Bd2 Bd3 26. Qxb7 Qxb7 27. Nxb7 Nc4 28. Bc1 Rc7 29. Rd1 Be4 30. b3 Bxb7 31. bxc4 Rxc4 32. Bb2 Rb8 33. Re1 e6 34. Nb5 d5 35. Nd6 Rc6 36. Nb5 Ba6 37. Nd4 Bxd4 38. cxd4 Rxb2 39. Rec1 Rxc1+ 40. Rxc1 Ra2 41. f3 Rxa4 42. Rd1 Ra3 43. Kf2 Rd3 44. Ra1 Bc4 45. Ra8+ Kg7 46. Ra1 Rxd4 47. Ke3 Rd3+ 48. Kf4 Kf6 49. g4 e5+ 50. Kg3 e4 51. Kf2 Rxf3+ 0-1

[Event "Stuttgart-chB int"]
[Site "Ditzingen"]
[Date "2005.05.05"]
[Round "1"]
[White "Bodrozic, Tomislav"]
[Black "Cummings, Nicolai"]
[Result "1-0"]
[WhiteElo "1575"]
[BlackElo "1099"]
[PlyCount "37"]
[EventDate "2005.05.05"]
[EventType "swiss"]
[EventRounds "7"]
[EventCountry "GER"]
[SourceTitle "EXT 2018"]
[Source "ChessBase"]
[SourceDate "2017.10.13"]
[SourceVersion "1"]
[SourceVersionDate "2017.10.13"]
[SourceQuality "1"]

1. e4 c5 2. d4 cxd4 3. c3 dxc3 4. Nxc3 Nc6 5. Nf3 d6 6. Bc4 Nf6 7. h3 g6 8. 0-0 Bg7 9. Qe2 0-0 10. Rd1 Nd7 11. Bg5 Nde5 12. Nxe5 Nxe5 13. Bb3 Be6 14. Nd5 Re8 15. f4 Nc6 16. e5 Rc8 17. exd6 Qxd6 18. Nxe7+ Rxe7 19. Rxd6 1-0